Los habitantes primitivos de América del Norte / (Record no. 178252)

MARC details
000 -LEADER
campo de control de longitud fija 00886nam a22002295i 4500
001 - NÚMERO DE CONTROL
campo de control 178252
003 - IDENTIFICADOR DE NÚMERO DE CONTROL
campo de control ES-MaACL
005 - FECHA Y HORA DE LA ÚLTIMA TRANSACCIÓN
campo de control 20250827100952.0
008 - DATOS DE LONGITUD FIJA--INFORMACIÓN GENERAL
campo de control de longitud fija 110524s1968 sp |||| | spa d
080 ## - NÚMERO DE LA CLASIFICACIÓN DECIMAL UNIVERSAL
Número de la Clasificación Decimal Universal 930.85(=1-82:7)
100 1# - ENTRADA PRINCIPAL--NOMBRE DE PERSONA
Nombre de persona Sepúlveda, Rafael.
9 (RLIN) 105505
245 14 - MENCIÓN DEL TÍTULO
Título Los habitantes primitivos de América del Norte /
Mención de responsabilidad, etc. por Rafael Sepúlveda.
260 ## - PUBLICACIÓN, DISTRIBUCIÓN, ETC.
Lugar de publicación, distribución, etc. Madrid :
Nombre del editor, distribuidor, etc. Delblan,
Fecha de publicación, distribución, etc. D. L. 1968.
300 ## - DESCRIPCIÓN FÍSICA
Extensión 16 p. ;
Dimensiones 16 cm.
490 1# - MENCIÓN DE SERIE
Mención de serie Mosaico cultural : colección de temas instructivos. 3. Los países exóticos ;
Designación de volumen o secuencia 19
500 ## - NOTA GENERAL
Nota general Encuadernado con otros títulos.
650 #4 - PUNTO DE ACCESO ADICIONAL DE MATERIA--TÉRMINO DE MATERIA
Término de materia o nombre geográfico como elemento de entrada Pueblos indígenas-
Subdivisión geográfica América del Norte.
9 (RLIN) 146701
651 #4 - PUNTO DE ACCESO ADICIONAL DE MATERIA--NOMBRE GEOGRÁFICO
Nombre geográfico China-
Subdivisión general Descripción.
9 (RLIN) 8049
830 00 - PUNTO DE ACCESO ADICIONAL DE SERIE-TÍTULO UNIFORME
Título uniforme Mosaico cultural: colección de temas instructivos.
Nombre de parte o sección de la obra Los países exóticos
Designación de volumen o secuencia 19
9 (RLIN) 190821
852 ## - LOCALIZACIÓN
Ubicación ES-MaACL
Número de control de estantería E-15190 (19)
Encuadernación Olim P-1923
Holdings
Estatus retirado Estado de pérdida Estado de daño No para préstamo Biblioteca de origen Biblioteca actual Ubicación en estantería Fecha de adquisición Fuente de adquisición Total de préstamos Signatura topográfica completa Código de barras Visto por última vez Precio de reemplazo Tipo de ítem Koha
        Biblioteca del Ateneo de Madrid Biblioteca del Ateneo de Madrid Depósito 2 24/05/2011     E-15190 (19) 1187246 23/02/2023 23/02/2023 Libro impreso